00808 2200181 4500245008300000020001500083250001100098100001600109700002300125650001100148005001900159260004300178041001400221084001000235300002900245500034300274336000900617 aBecoming A Young Richman b : Formula Menjadi Jutawan MudacEdi SusantohText a9793782522 aCet. 3 aEdi Susanto aNunik Siti Nurbaya aBisnis a20240508082912 aBandungbSimbiosa Rekatama Mediac2013 aIndonesia a650.1 axii, 152 hlm. :c21 cm. aBuku ini dibagi menjadi lima bagian. Tiap bagian merupakan SEBUAH FONDASI bagi para pembaca untuk dapat meraih kekayaan di usia muda. Mulai dari membangung KESADARAN UNTUK MENJADI KAYA ,membangun MENTAL KAYA, MEMPELAJARI ILMU KAYA , menciptakan kondisi MASYARAKAT YANG MAKMUR DAN BERMARTABAT, serta melakukan TINDAKAN UNTUK MENJADI KAYA . atext